Applied microbiology (Record no. 395829)

MARC details
000 -LEADER
fixed length control field 00469 a2200193 4500
005 - DATE & TIME
control field 20260127103248.0
008 - FIXED-LENGTH DATA ELEMENTS--GENERAL INFORMATION
fixed length control field 260122b |||||||| |||| 00| 0 eng d
020 ## - ISBN
International Standard Book Number 978819711508
Price Rs. 2450.00
040 ## - CATALOGING SOURCE
Original cataloging agency VIVEKANANDA LIBRARY
082 ## - DDC NUMBER
Classification number 576
Book Number S23A
100 ## - MAIN ENTRY--PERSONAL NAME
Personal name Sharma, Nandini
245 ## - TITLE STATEMENT
Title Applied microbiology
260 ## - PUBLICATION, DISTRIBUTION, ETC. (IMPRINT)
Name of publisher, distributor, etc Yking Books
Date of publication, distribution, etc 2024
Place of publication, distribution, etc Jaipur
300 ## - PHYSICAL DESCRIPTION
Pages vi, 284
650 ## - Subject
Subject Microbiology
650 ## - Subject
Subject Microorganisms
650 ## - Subject
Subject Immunology
942 ## - ADDED ENTRY ELEMENTS (KOHA)
Koha item type Books
Holdings
Withdrawn status Lost status Source of classification or shelving scheme Damaged status Not for loan Location (home branch) Sublocation or collection (holding branch) Shelving location Date acquired Koha issues (times borrowed) Koha full call number Accession No. Koha date last seen Koha item type
    Dewey Decimal Classification     VIVEKANANDA LIBRARY VIVEKANANDA LIBRARY Vivekananda Library 06/01/2026   576 S23A 444098 06/01/2026 Books
© Designed and Maintained by Vivekananda Library, MDU Rohtak